00900nam a2200253 a 45000010008000000030009000080050017000170070008000340080031000420200015000730400022000880820027001102450030001372460075001672600049002423000029002915900026003206500054003466500047004009100042004479420012004899520128005019990017006290000403DO-SdBNP20240624113240.00000403091125s20uu sp a 000 0 spa d a8497961625 aBPMSUbspacBPMSU 4aR372.2103 bM618p 22210aMi primer diccionario c 14aMi primer diccionario :b con màs de 1500 definiciones ilustradas... aBarcelona :b Ediciones Saldaña, c[199-?] a200 p. :bil. ;c27 cm.  aInventariado, 2024/VM 4aEducación preescolar xDiccionarios infantiles. 4aEnciclopedias y diccionarios para niños. a VMateo V. Control de calidad. BPMSU  2ddccBK 00102ddc40708CI-GaBPMETbBPMETd2024-06-24l0oBPMSU CGRI R372.2103 M618p pBPMSU24060083r2024-06-24w2024-06-24yBK c14684d14684